[Event "Tourn. n9411"]
[Site "www.chess-mail.com"]
[Date "2017.06.27"]
[Round "1"]
[White "Bojan"]
[Black "Claymil"]
[WhiteElo "1920"]
[BlackElo "2070"]
[Result "0-1"]
[Round "1"]
1.e4 c5
2.Ng1f3 Nb8c6
3.c3 g6
4.d4 cxd4
5.cxd4 d5
6.e5 h6
7.h3 Bf8g7
8.a3 e6
9.Nb1c3 a6
10.b4 Ng8e7
11.Bc1d2 O-O
12.Bf1d3 b5
13.Qd1c1 Kh7
14.h4 Ne7f5
15.Nc3e2 Bc8b7
16.g4 Nf5e7
17.h5 Ne7g8
18.hxg6 fxg6
19.Nf3h4 Nc6e7
20.Ne2g3 Ra8c8
21.Qc1b1 Qd8e8
22.O-O Bb7c6
23.f4 Bc6d7
24.Kg2 Qe8f7
25.Ra1a2 Bd7e8
26.Bd2e3 Kh8
27.Qb1d1 Kh7
28.f5 exf5
29.gxf5 gxf5
30.Ng3xf5 Kh8
31.Ra2f2 Qf7e6
32.Nf5xg7 Rf8xf2
33.Rf1xf2 Kxg7
34.Nh4f5 Kh8
35.Qd1g4 Be8g6
36.Nf5xh6 Qe6xg4
37.Nh6xg4 Bg6xd3
38.Rf2f7 Rc8c2
39.Kg3 Ne7f5
40.Kf3 Bd3e4
41.Kf4 Rc2c3
42.Be3d2 Rc3f3
43.Kg5 Nf5xd4
44.Rf7d7 Rf3f5
45.Kh4 Nd4f3
{ resign }
0-1

[Event "Tourn. n9381"]
[Site "www.chess-mail.com"]
[Date "2017.06.27"]
[Round "1"]
[White "Julian"]
[Black "Azulmarino"]
[WhiteElo "1690"]
[BlackElo "1570"]
[Result "0-1"]
[Round "1"]
1.e4 d5
2.exd5 Qd8xd5
3.Nb1c3 Qd5d6
4.d4 Ng8f6
5.Ng1f3 Bc8g4
6.Bf1e2 Qd6b4
7.O-O e6
8.Bc1g5 Bf8e7
9.h3 Qb4xb2
10.Qd1d2 Bg4xf3
11.Be2xf3 c6
12.Ra1b1 Qb2a3
13.Rb1b3 Qa3d6
 { time }
0-1

[Event "Tourn. n9420"]
[Site "www.chess-mail.com"]
[Date "2017.06.27"]
[Round "1"]
[White "Astroboy"]
[Black "Balbyns"]
[WhiteElo "2040"]
[BlackElo "2030"]
[Result "1-0"]
[Round "1"]
1.e4 e5
2.Ng1f3 Nb8c6
3.Bf1c4 Bf8c5
4.c3 Ng8f6
5.d4 exd4
6.cxd4 Bc5b4
7.Nb1d2 Qd8e7
8.O-O O-O
9.e5 Nf6g4
10.h3 Ng4h6
11.a3 Bb4xd2
12.Bc1xd2 a5
13.Bd2g5 Qe7e8
14.Rf1e1 b6
15.d5 Nc6e7
16.d6 Ne7c6
17.dxc7 Nh6f5
18.Qd1d3 Nf5e7
19.Bg5e3 Kh8
20.Be3xb6 f6
21.Bb6c5 Qe8g6
22.Qd3xg6 hxg6
23.exf6 gxf6
24.Bc5xe7 { resign }
1-0

[Event "Tourn. n9407"]
[Site "www.chess-mail.com"]
[Date "2017.06.27"]
[Round "1"]
[White "Osopanda"]
[Black "Madz123456"]
[WhiteElo "1710"]
[BlackElo "1670"]
[Result "0-1"]
[Round "1"]
1.e4 c5
2.Ng1f3 d6
3.Bf1b5 Bc8d7
4.Nb1c3 Bd7xb5
5.Nc3xb5 Ng8f6
6.d3 Nb8c6
7.c3 e6
8.O-O Bf8e7
9.Bc1f4 a6
10.Nb5a3 O-O
 { time }
0-1

[Event "Match"]
[Site "www.echecsemail.com"]
[Date "2017.06.27"]
[Round "1"]
[White "Midknightblu"]
[Black "Ketchuplover"]
[WhiteElo "1610"]
[BlackElo "1770"]
[Result "1-0"]
[Round "1"]
1.e4 c5
2.Bf1c4 e6
3.Ng1f3 Nb8c6
4.a3 d5
5.exd5 exd5
6.Bc4b5 Bc8d7
7.O-O Ng8f6
8.Bb5xc6 Bd7xc6
9.Qd1e1 Bf8e7
10.d3 O-O
11.Bc1g5 Rf8e8
12.Qe1d2 Kh8
13.Nf3e5 Ra8c8
14.Ne5xf7 { resign }
1-0

[Event "Match"]
[Site "www.echecsemail.com"]
[Date "2017.06.27"]
[Round "1"]
[White "Cjood"]
[Black "Karlgrocer"]
[WhiteElo "1990"]
[BlackElo "2070"]
[Result "1/2-1/2"]
[Round "1"]
1.Ng1f3 c5
2.c4 e6
3.e3 Ng8f6
4.d3 Bf8e7
5.Nb1c3 O-O
6.Bf1e2 Nb8c6
7.a3 a6
8.Bc1d2 d5
9.d4 cxd4
10.exd4 dxc4
11.Be2xc4 b5
12.Bc4d3 Bc8b7
13.O-O Nc6xd4
14.Nf3xd4 Nf6d5
15.Nc3xd5 Bb7xd5
16.Bd2c3 Be7f6
17.Qd1h5 g6
18.Qh5d1 Bf6g7
19.Qd1g4 Bd5xg2
20.Kxg2 Ra8c8
21.Rf1c1 Qd8d7
22.Rc1e1 Rf8d8
23.Bc3a5 Qd7xd4
24.Qg4xd4 Bg7xd4
25.Ba5xd8 Rc8xd8
26.Bd3e4 Bd4xb2
27.Ra1a2 Bb2f6
28.Ra2c2 Rd8d4
29.f3 Kg7
30.Rc2c6 Rd4a4
31.Re1e3 Bf6b2
32.Be4c2 Ra4xa3
33.Re3xa3 Bb2xa3
34.Rc6xa6 b4
35.Bc2b3 h5
36.Ra6a7 Kf6
37.Kh3 Ba3b2
38.Ra7b7 Bb2c3
39.Kg3 Bc3e5
40.f4 Be5c3
41.h3 Bc3d2
42.Kf3 Bd2e1
43.Ke2 Be1c3
44.Kd3 Bc3e1
45.Ke4 Be1c3
46.Kf3 { draw }
1/2-1/2

[Event "Match"]
[Site "www.echecsemail.com"]
[Date "2017.06.27"]
[Round "1"]
[White "Azocarfreund"]
[Black "Billyg"]
[WhiteElo "1399"]
[BlackElo "1710"]
[Result "1-0"]
[Round "1"]
1.e4 e5
2.Ng1f3 Ng8f6
3.Nb1c3 b6
4.Nf3xe5 a6
5.Bf1c4 d5
6.Bc4xd5 Nf6xd5
7.exd5 Qd8e7
8.O-O Nb8d7
9.Ne5f3 Qe7d8
10.Rf1e1 Bf8e7
11.Nf3d4 Bc8b7
12.Nd4f5 Kf8
13.Qd1g4 g6
14.Nf5xe7 f5
15.Qg4g5 Qd8c8
16.Ne7xc8 Ra8xc8
17.Qg5e7 Kg8
18.Qe7xd7 { resign }
1-0

[Event "Match"]
[Site "www.echecsemail.com"]
[Date "2017.06.27"]
[Round "1"]
[White "Llord"]
[Black "Darknight"]
[WhiteElo "1950"]
[BlackElo "1850"]
[Result "1/2-1/2"]
[Round "1"]
1.e4 e5
2.Ng1f3 d6
3.Bf1c4 h6
4.O-O Bc8g4
5.Bc4e2 Ng8f6
6.Nb1c3 c6
7.d4 exd4
8.Nf3xd4 Bg4xe2
9.Qd1xe2 a6
10.b3 Nb8d7
11.Bc1a3 c5
12.Nd4f5 g6
13.Nf5e3 Qd8a5
14.Ba3b2 Bf8g7
15.Nc3d5 h5
16.Ne3c4 Qa5d8
17.Nc4xd6 Kf8
18.Nd6xb7 Qd8b8
19.Nb7a5 Nd7e5
20.f4 Ne5g4
21.h3 Nf6xd5
22.Bb2xg7 Kxg7
23.exd5 Ng4f6
24.Na5c6 Qb8b7
25.Qe2e5 Rh8e8
26.Qe5c3 Ra8c8
27.Nc6a5 Qb7xd5
28.Ra1d1 Qd5f5
29.Na5b7 Kh7
30.Nb7d6 Nf6e4
31.Qc3e3 Ne4xd6
32.Qe3d3 Qf5xd3
33.Rd1xd3 Nd6f5
34.Rd3d7 Kg7
35.Rd7a7 Rc8c6
36.g4 hxg4
37.hxg4 Nf5e3
38.Rf1f3 Ne3xg4
39.f5 g5
40.Rf3g3 Ng4e5
41.Rg3xg5 Kf6
42.Rg5h5 Ne5g4
43.a3 Re8e2
44.c3 Rc6d6
45.Kf1 Re2f2
46.Ke1 Rf2g2
47.Rh5h7 Kxf5
48.Ra7xf7 Ng4f6
49.Rh7h3 Rd6d2
50.Rh3f3 Ke4
51.Rf7xf6 a5
52.Rf3f2 { draw }
1/2-1/2

[Event "Match"]
[Site "www.echecsemail.com"]
[Date "2017.06.27"]
[Round "1"]
[White "Caspito"]
[Black "Pinehill"]
[WhiteElo "1920"]
[BlackElo "2050"]
[Result "1/2-1/2"]
[Round "1"]
1.e4 d5
2.e5 c5
3.Ng1f3 Bc8f5
4.Bf1b5 Nb8c6
5.O-O e6
6.c3 Ng8e7
7.d4 cxd4
8.cxd4 Bf5xb1
9.Ra1xb1 Qd8a5
10.Bb5xc6 Ne7xc6
11.a3 Bf8e7
12.b4 Qa5c7
13.Bc1d2 O-O
14.Rb1b3 Ra8c8
15.Rb3c3 Qc7d7
16.b5 Nc6b8
17.a4 Rc8xc3
18.Bd2xc3 a6
19.b6 Qd7c6
20.Qd1b3 Rf8c8
21.Rf1c1 f6
22.a5 Qc6c4
23.Qb3xc4 Rc8xc4
24.Nf3d2 Rc4a4
25.Rc1a1 Ra4xa1
26.Bc3xa1 Nb8c6
27.Ba1c3 Be7b4
28.Bc3xb4 Nc6xb4
29.f4 fxe5
30.fxe5 Kf7
31.g4 Ke7
32.Nd2b3 Nb4c6
33.Kf2 g5
34.Ke3 Kf7
35.h3 { draw }
1/2-1/2

[Event "Match"]
[Site "www.echecsemail.com"]
[Date "2017.06.27"]
[Round "1"]
[White "Sagara1977"]
[Black "Azulmarino"]
[WhiteElo "1540"]
[BlackElo "1560"]
[Result "1-0"]
[Round "1"]
1.e4 d5
2.Qd1f3 Ng8f6
3.exd5 Nf6xd5
4.Bf1c4 Nd5f6
5.Ng1h3 Nb8c6
6.Nb1c3 Nc6d4
7.Qf3d3 Bc8g4
8.Nc3d5 Nf6xd5
9.Qd3xd4 Bg4e6
10.d3 Nd5b4
11.Qd4c3 Nb4c6
12.Bc1h6 Rh8g8
13.Bh6f4 g6
14.O-O Bf8g7
15.Qc3b3 Be6xh3
16.Bc4xf7 Kd7
17.Qb3d5 Kc8
18.Bf7xg8 e6
19.Qd5xd8 Nc6xd8
20.gxh3 Bg7xb2
21.Ra1b1 Bb2d4
22.Bg8xh7 b6
23.Bh7xg6 a5
24.Rf1e1 a4
25.Re1e4 Bd4c5
26.Bf4g5 Nd8c6
27.Re4xe6 Kb7
28.Bg6e4 Ra8g8
29.h4 Rg8f8
30.Be4xc6 Kb8
31.Bc6xa4 Rf8h8
32.Re6e8 Rh8xe8
33.Ba4xe8 { resign }
1-0

[Event "Match"]
[Site "www.echecsemail.com"]
[Date "2017.06.27"]
[Round "1"]
[White "Caspito"]
[Black "Darknight"]
[WhiteElo "1950"]
[BlackElo "1850"]
[Result "1-0"]
[Round "1"]
1.e4 e5
2.Ng1f3 d6
3.c3 h6
4.Bf1c4 Ng8f6
5.d3 c6
6.O-O Bc8g4
7.Bc4xf7 Kxf7
8.Qd1b3 Ke7
9.Qb3xb7 Nb8d7
10.Nf3h4 Bg4h5
11.Qb7xc6 Bh5f7
12.Nh4f5 Ke8
13.Nf5xd6 Bf8xd6
14.Qc6xd6 Ra8b8
15.Bc1e3 Nd7b6
16.Qd6xe5 Kf8
17.Be3c5 Kg8
18.Bc5e7 Nb6d7
19.Be7xd8 Nd7xe5
20.Bd8xf6 gxf6
21.d4 Ne5d7
22.b3 a5
23.Nb1d2 Rh8h7
24.g3 h5
25.c4 Kh8
26.f4 Rb8g8
27.a3 h4
28.Kg2 Bf7h5
29.e5 Bh5g4
30.Nd2f3 hxg3
31.hxg3 Bg4h3
32.Kf2 Bh3xf1
33.Ra1xf1 Rh7h3
34.Rf1g1 Nd7f8
35.d5 Nf8g6
36.e6 Ng6xf4
37.e7 Nf4d3
38.Ke3 Nd3c5
39.b4 axb4
40.axb4 Nc5b7
41.c5 Rh3h5
42.d6 Rh5h7
43.Kf4 Kg7
44.d7 Kf7
45.e8Q Rg8xe8
46.dxe8Q Kxe8
47.Rg1d1 Rh7c7
48.Rd1d5 Ke7
49.Nf3d4 Rc7c8
50.Kf5 Rc8c7
51.g4 Rc7c8
52.Nd4b5 Nb7d8
53.Nb5d4 Nd8c6
54.Nd4xc6 Rc8xc6
55.b5 Rc6c8
56.b6 Rc8b8
57.Rd5d6 Rb8c8
58.Rd6e6 Kd8
59.c6 Rc8a8
60.Kxf6 Ra8a6
61.c7 Kc8
62.b7 Kxb7
63.Re6xa6 { resign }
1-0

[Event "1/16 Finale"]
[Site "www.chess-mail.com"]
[Date "2017.06.27"]
[Round "1"]
[White "Szustan"]
[Black "Leonger"]
[WhiteElo "2560"]
[BlackElo "2470"]
[Result "1-0"]
[Round "1"]
1.e4 e5
2.Ng1f3 Nb8c6
3.Nb1c3 Ng8f6
4.d4 exd4
5.Nc3d5 Nc6b4
6.Nd5xf6 Qd8xf6
7.Bf1c4 Bf8c5
8.O-O d6
9.e5 dxe5
10.Bc1g5 Qf6d6
11.Nf3xe5 Bc8e6
12.Rf1e1  { time }
1-0

[Event "Eq:Last King-Slap Shot Mates : "]
[Site "www.chess-mail.com"]
[Date "2017.06.27"]
[Round "1"]
[White "Said1991"]
[Black "Insearchof"]
[WhiteElo "2340"]
[BlackElo "2280"]
[Result "1-0"]
[Round "1"]
1.e4 e6
2.d3 d5
3.Nb1d2 c5
4.g3 Nb8c6
5.Bf1g2 Ng8f6
6.Ng1f3 Bf8e7
7.O-O O-O
8.Rf1e1 Qd8c7
9.Nd2f1 dxe4
10.dxe4 Rf8d8
11.Qd1e2 e5
12.c3  { time }
1-0

[Event "Tourn. n9398"]
[Site "www.chess-mail.com"]
[Date "2017.06.28"]
[Round "1"]
[White "Osopanda"]
[Black "Cjood"]
[WhiteElo "1700"]
[BlackElo "1900"]
[Result "0-1"]
[Round "1"]
1.e4 c5
2.Ng1f3 Nb8c6
3.d4 cxd4
4.Nf3xd4 Nc6xd4
5.Qd1xd4 Qd8c7
6.c4 e5
7.Qd4d3 Bf8c5
8.Bc1e3 Ng8f6
9.Be3xc5 Qc7xc5
10.Nb1c3 Nf6g4
11.Qd3d2 O-O
12.Bf1d3 h6
 { time }
0-1

[Event "Tourn. n9409"]
[Site "www.chess-mail.com"]
[Date "2017.06.28"]
[Round "1"]
[White "Xkafi"]
[Black "Coolant"]
[WhiteElo "2000"]
[BlackElo "2280"]
[Result "0-1"]
[Round "1"]
1.e4 Nb8c6
2.Bf1c4 Ng8f6
3.d3 d5
4.exd5 Nf6xd5
5.Bc1g5 h6
6.Qd1h5 g6
7.Qh5h4 Bf8g7
8.c3 hxg5
9.Qh4xg5 Rh8h5
10.Qg5g3 Nc6e5
11.Nb1d2 Ne5xc4
12.Nd2xc4 Bc8e6
13.Ng1f3 Qd8d7
14.O-O O-O-O
15.Rf1e1 Nd5b6
16.Nc4a3 Qd7xd3
17.Ra1d1 Qd3xd1
{ resign }
0-1

[Event "Tourn. n9309"]
[Site "www.chess-mail.com"]
[Date "2017.06.28"]
[Round "1"]
[White "Senitram"]
[Black "Nimzo"]
[WhiteElo "2670"]
[BlackElo "2730"]
[Result "1/2-1/2"]
[Round "1"]
1.Ng1f3 d5
2.d4 Ng8f6
3.c4 e6
4.Nb1c3 Bf8e7
5.Bc1f4 O-O
6.e3 c5
7.dxc5 Be7xc5
8.Bf1d3 dxc4
9.Bd3xc4 Qd8xd1
10.Ra1xd1 Bc5b4
11.O-O Bb4xc3
12.bxc3 Nb8c6
13.h3 b6
14.Rd1c1 Bc8b7
15.Nf3d4 Rf8c8
16.Bc4d3 Nf6d5
17.Bf4g3 Nc6a5
18.Nd4b5 Bb7a6
19.c4 Nd5b4
20.Bd3e4 Ba6b7
21.Be4xb7 Na5xb7
22.Rf1d1 Nb4a6
23.f3 Na6c5
24.e4 Rc8d8
25.Rd1xd8 Nb7xd8
26.Rc1c3 Nd8c6
27.Rc3a3 g5
28.h4 h6
29.Kf1 Nc6a5
30.hxg5 hxg5
31.Ke2 Ra8d8
32.Bg3e1 Na5xc4
33.Ra3xa7 Nc5d3
{ draw }
1/2-1/2

[Event "Tourn. n9234"]
[Site "www.chess-mail.com"]
[Date "2017.06.28"]
[Round "1"]
[White "Kampungboy"]
[Black "Sachpat"]
[WhiteElo "2670"]
[BlackElo "2640"]
[Result "0-1"]
[Round "1"]
1.e4 e5
2.f4 exf4
3.Ng1f3 g5
4.Nb1c3 d6
5.d4 g4
6.Bc1xf4 gxf3
7.Qd1xf3 Nb8c6
8.Bf1b5 Bc8d7
9.O-O-O Qd8h4
10.g3 Qh4h3
11.Qf3e3 Ng8e7
12.Bb5f1 Qh3h5
13.Nc3b5 Kd8
14.Bf1e2 Qh5g6
15.Kb1 a6
16.Nb5c3 f6
17.g4 Kc8
18.h4 Qg6e8
19.Rh1g1 Bf8g7
20.a3 Kb8
21.Bf4g3 b5
22.Qe3f4 Ra8a7
23.Qf4d2 Ne7c8
24.Bg3f2 Nc8b6
25.Bf2e3 Ra7b7
26.b3 b4
27.axb4 Nc6xb4
28.Rd1f1 Rh8f8
29.h5 d5
30.Be2f3 Bd7c6
31.exd5 Nb6xd5
32.Nc3xd5 Bc6xd5
33.Rg1g3 f5
34.Bf3xd5 Nb4xd5
35.gxf5 Nd5xe3
36.Qd2xe3 Qe8d7
37.Rg3g4 Rb7b4
38.Rf1f4 Bg7h6
39.Qe3e1 Rb4b5
40.Rf4f3 Rb5xf5
41.Rf3xf5 Qd7xf5
42.Rg4h4 Qf5b5
43.Rh4h1 Bh6g7
44.Qe1e7 Qb5d5
45.Qe7b4 Ka7
46.Qb4c5 Qd5xc5
 { time }
0-1

[Event "Tourn. n9395"]
[Site "www.chess-mail.com"]
[Date "2017.06.28"]
[Round "1"]
[White "Asibicho"]
[Black "Osopanda"]
[WhiteElo "1760"]
[BlackElo "1720"]
[Result "1-0"]
[Round "1"]
1.e4 c5
2.Ng1f3 Nb8c6
3.d4 cxd4
4.Nf3xd4 d6
5.Nb1c3 a6
6.Bf1e2 Ng8f6
7.O-O e5
8.Nd4f3 Bc8e6
9.Bc1g5 Bf8e7
10.Rf1e1 O-O
11.Qd1d2 Qd8c7
12.Ra1d1 Rf8d8
13.Qd2e3 b5
14.a3 Ra8c8
15.h4 Nc6d4
16.Nf3xd4  { time }
1-0

[Event "Tourn. n9398"]
[Site "www.chess-mail.com"]
[Date "2017.06.28"]
[Round "1"]
[White "Asibicho"]
[Black "Osopanda"]
[WhiteElo "1760"]
[BlackElo "1720"]
[Result "1-0"]
[Round "1"]
1.e4 c5
2.Ng1f3 Nb8c6
3.d4 cxd4
4.Nf3xd4 d6
5.Nb1c3 a6
6.Bc1e3 Ng8f6
7.f3 e5
8.Nd4b3 Bc8e6
9.Qd1d2 Bf8e7
10.O-O-O O-O
11.g4 b5
12.h4 Nf6d7
13.g5 Nd7b6
14.Kb1  { time }
1-0

[Event "Tourn. n9421"]
[Site "www.chess-mail.com"]
[Date "2017.06.28"]
[Round "1"]
[White "Madz123456"]
[Black "Picifarkinca"]
[WhiteElo "1900"]
[BlackElo "1990"]
[Result "1-0"]
[Round "1"]
1.e4 Ng8f6
2.e5 Nf6d5
3.g3 e6
4.c4 Nd5b6
5.d4 d6
6.exd6 cxd6
7.Nb1c3 Nb8c6
8.d5 Nc6e5
9.f4 Ne5g6
10.dxe6 fxe6
11.Ng1f3 Bf8e7
12.h4 Be7f6
13.Nf3g5 O-O
14.Qd1h5 Bf6xg5
15.hxg5 Kf7
16.Bf1d3 Bc8d7
17.Qh5xh7 Ng6e7
18.Qh7h5 Kg8
19.Bd3h7 { resign }
1-0

[Event "Tourn. n9413"]
[Site "www.chess-mail.com"]
[Date "2017.06.28"]
[Round "1"]
[White "Julian"]
[Black "Llcervello"]
[WhiteElo "1660"]
[BlackElo "1590"]
[Result "0-1"]
[Round "1"]
1.e4 e5
2.Ng1f3 f6
3.d4 Ng8e7
4.dxe5 fxe5
5.Nf3xe5 d6
6.Ne5f3 Bc8g4
7.Bf1e2 Bg4xf3
8.Be2xf3 Ne7g6
9.O-O Bf8e7
 { time }
0-1

[Event "Tourn. n9414"]
[Site "www.chess-mail.com"]
[Date "2017.06.28"]
[Round "1"]
[White "Julian"]
[Black "Passaroa25"]
[WhiteElo "1660"]
[BlackElo "1660"]
[Result "0-1"]
[Round "1"]
1.e4 c6
2.d4 d6
3.Ng1f3 f6
4.Nb1c3 Bc8e6
5.Bf1d3 Be6f7
6.O-O e6
7.Rf1e1 Ng8e7
8.e5 Ne7f5
 { time }
0-1

[Event "Tourn. n9381"]
[Site "www.chess-mail.com"]
[Date "2017.06.28"]
[Round "1"]
[White "Madz123456"]
[Black "Passaroa25"]
[WhiteElo "1540"]
[BlackElo "1630"]
[Result "1-0"]
[Round "1"]
1.e4 c6
2.d4 d6
3.Nb1c3 e6
4.Bc1e3 Ng8e7
5.Ng1f3 Ne7g6
6.h4 h5
7.g3 Bf8e7
8.Bf1e2 O-O
9.Nf3g5 Ng6h8
10.Be2xh5 g6
11.Bh5g4 Nb8d7
12.a4 Nd7b6
13.b3 f6
14.Ng5xe6 Bc8xe6
15.Bg4xe6 Kg7
16.a5 Nb6d7
17.h5 g5
18.a6 Qd8c7
19.Qd1g4 Nh8f7
20.Qg4f5 Rf8h8
21.Qf5g6 { resign }
1-0

[Event "Tourn. n9424"]
[Site "www.chess-mail.com"]
[Date "2017.06.28"]
[Round "1"]
[White "Bojan"]
[Black "Picifarkinca"]
[WhiteElo "2010"]
[BlackElo "2040"]
[Result "1-0"]
[Round "1"]
1.e4 c5
2.Ng1f3 Nb8c6
3.d4 cxd4
4.Nf3xd4 Qd8b6
5.c3 e5
6.Nd4xc6 dxc6
7.Bf1c4 Ng8f6
8.Qd1f3 Bc8g4
9.Qf3g3 Ra8d8
10.Qg3xe5 Bf8e7
11.f3 Bg4c8
12.b3 Kf8
13.Ke2 Be7d6
14.Qe5g5 h6
15.Qg5e3 Bd6c5
16.Qe3f4 Rd8e8
17.Kd1 Qb6d8
18.Kc2 Qd8e7
19.g4 Qe7e5
20.Rh1d1 Qe5xf4
21.Bc1xf4 Bc8xg4
22.fxg4 Nf6xg4
23.e5 Ng4xe5
24.Bc4f1 Ne5g6
25.Bf4g3 { resign }
1-0

[Event "Tourn. n9418"]
[Site "www.chess-mail.com"]
[Date "2017.06.28"]
[Round "1"]
[White "Madz123456"]
[Black "Quaff"]
[WhiteElo "1830"]
[BlackElo "1779"]
[Result "1-0"]
[Round "1"]
1.e4 e5
2.Ng1f3 d6
3.d4 exd4
4.Nf3xd4 h6
5.Nb1c3 Ng8f6
6.Bf1b5 c6
7.Bb5e2 Bf8e7
8.Qd1d3 Nb8d7
9.Qd3g3 g6
10.O-O Nd7e5
11.f4 Ne5d7
12.e5 dxe5
13.fxe5 Nf6g8
14.Be2c4 Rh8h7
15.Bc1e3 c5
16.e6 g5
17.exf7 { resign }
1-0

[Event "Tourn. n9403"]
[Site "www.chess-mail.com"]
[Date "2017.06.28"]
[Round "1"]
[White "Osopanda"]
[Black "Madz123456"]
[WhiteElo "1700"]
[BlackElo "1670"]
[Result "0-1"]
[Round "1"]
1.e4 c5
2.Ng1f3 d6
3.d4 cxd4
4.c3 Ng8f6
5.Bf1d3 dxc3
6.Nb1xc3 Nb8c6
7.O-O g6
8.Bc1g5 Bf8g7
9.Rf1e1 Bc8e6
10.Bd3b5 O-O
 { time }
0-1

[Event "Tourn. n9403"]
[Site "www.chess-mail.com"]
[Date "2017.06.28"]
[Round "1"]
[White "Osopanda"]
[Black "Azulmarino"]
[WhiteElo "1700"]
[BlackElo "1540"]
[Result "0-1"]
[Round "1"]
1.e4 d5
2.exd5 Qd8xd5
3.Nb1c3 Qd5d6
4.d4 Ng8f6
5.Ng1f3 Bc8g4
6.Bf1e2 e6
7.O-O a6
8.h3 Bg4f5
9.g4 Bf5g6
 { time }
0-1

[Event "Match"]
[Site "www.echecsemail.com"]
[Date "2017.06.28"]
[Round "1"]
[White "Cjood"]
[Black "Fangshuo"]
[WhiteElo "1960"]
[BlackElo "2110"]
[Result "0-1"]
[Round "1"]
1.e4 e5
2.Ng1f3 Nb8c6
3.Bf1c4 Ng8f6
4.Nf3g5 d5
5.exd5 Nf6xd5
6.Ng5xf7 Kxf7
7.Qd1f3 Ke6
8.O-O Nc6e7
9.Rf1e1 c6
10.d4 Kd6
11.Re1xe5 Kc7
12.Bc4xd5 Ne7xd5
13.Bc1g5 Bf8e7
14.Bg5f4 Nd5xf4
15.Qf3xf4 Be7d6
16.Qf4f7 Bc8d7
17.Re5g5 Qd8xg5
{ resign }
0-1

[Event "Match"]
[Site "www.echecsemail.com"]
[Date "2017.06.28"]
[Round "1"]
[White "Said1991"]
[Black "Babedad"]
[WhiteElo "1809"]
[BlackElo "2150"]
[Result "1-0"]
[Round "1"]
1.e4 e6
2.d3 d5
3.Nb1d2 d4
4.Ng1f3 c5
5.g3 Nb8c6
6.Bf1g2 Bf8d6
7.O-O Ng8f6
8.Rf1e1 e5
9.Nd2c4 b5
10.Nc4xd6 Qd8xd6
11.Bc1g5 h6
12.Bg5d2 O-O
13.Nf3h4 Nf6d7
14.Nh4f5 Qd6g6
15.f4 Nd7b6
16.fxe5 Qg6e6
17.Re1f1 Nc6xe5
18.Qd1h5 g6
19.Nf5xh6 Kg7
20.Qh5h4 Rf8h8
21.Qh4f4 Bc8d7
22.Rf1f2 Ra8f8
23.Ra1f1 c4
24.Bg2h3 Qe6e7
25.Bh3xd7 Nb6xd7
26.dxc4 bxc4
27.a3 f6
28.Bd2b4 Qe7e6
29.Bb4xf8 Kxf8
30.g4 g5
31.Qf4xg5 { resign }
1-0

[Event "Match"]
[Site "www.echecsemail.com"]
[Date "2017.06.28"]
[Round "1"]
[White "Cjood"]
[Black "Wagner"]
[WhiteElo "1900"]
[BlackElo "1870"]
[Result "1-0"]
[Round "1"]
1.d4 d5
2.Nb1c3 Ng8f6
3.Bc1f4 a6
4.f3 h6
5.e4 e6
6.e5 Nf6g8
7.Bf1d3 c6
8.Ng1e2 f6
9.O-O g5
10.Bf4g3 Nb8d7
11.f4 f5
12.fxg5 hxg5
13.Qd1d2 Bf8h6
14.Qd2e1 b5
15.b4 Ng8e7
16.a4 f4
17.Bg3f2 Ne7f5
18.axb5 Qd8b6
19.bxc6 Qb6xc6
20.Bd3xf5 exf5
21.Ra1a5 Nd7b6
22.Qe1a1 Bh6f8
23.Rf1b1 f3
24.gxf3 Qc6h6
25.Nc3xd5 Qh6xh2
26.Kf1 Qh2h1
27.Ne2g1 Rh8h2
28.Ke2 Qh1g2
29.Rb1f1 Ra8a7
30.Nd5xb6 Bc8b7
31.Qa1c3 g4
32.fxg4 Qg2e4
33.Kd1 Qe4xg4
34.Ng1e2 Rh2h3
35.Qc3c7 Bf8e7
36.Rf1g1 Qg4h5
37.Qc7b8 Kf7
38.Qb8g8 
1-0

[Event "Match"]
[Site "www.echecsemail.com"]
[Date "2017.06.28"]
[Round "1"]
[White "Sonny1000"]
[Black "Billyg"]
[WhiteElo "1400"]
[BlackElo "1710"]
[Result "0-1"]
[Round "1"]
1.d4 d5
2.e3 a6
3.Bf1e2 Nb8c6
4.c3 e5
5.e4 dxe4
6.dxe5 Qd8xd1
7.Be2xd1 Bc8e6
8.b3 Nc6xe5
9.Bc1f4 Ne5d3
10.Ke2 Nd3xf4
11.Ke3 Nf4xg2
12.Kxe4 Ng8f6
13.Ke5 Nf6g4
14.Bd1xg4 Be6xg4
15.Nb1d2 O-O-O
16.h3 f6
17.Ke4 Rd8e8
18.Kd4 c5
19.Kc4 Bg4e6
20.Kd3 Ng2f4
21.Ke3 g5
22.Nd2e4 Be6f5
23.Ra1d1 Re8xe4
24.Kf3 Rh8g8
25.Kg3 Kc7
26.h4 Bf8d6
27.c4 gxh4
28.Kf3 h3
29.a4 h5
30.a5 h4
31.Ng1xh3 Nf4xh3
32.Rh1xh3 Re4f4
33.Ke3 Bf5xh3
34.Rd1d5 Rg8e8
35.Kd2 Rf4xf2
36.Kd1 Bh3g4
37.Kc1 Bd6f4
38.Rd5d2 Rf2xd2
39.Kb1 Re8e1
{ resign }
0-1

[Event "Match"]
[Site "www.echecsemail.com"]
[Date "2017.06.28"]
[Round "1"]
[White "Kevinking"]
[Black "Sonny1000"]
[WhiteElo "1930"]
[BlackElo "1430"]
[Result "1-0"]
[Round "1"]
1.e4 e5
2.Ng1f3 f6
3.Nf3xe5 fxe5
4.Qd1h5 g6
5.Qh5xe5 Kf7
6.Bf1c4 d5
7.Bc4xd5 Bc8e6
8.Qe5xe6 Kg7
9.Qe6f7 Kh6
10.d3 g5
11.h4 Bf8e7
12.hxg5 { resign }
1-0

[Event "Match"]
[Site "www.echecsemail.com"]
[Date "2017.06.28"]
[Round "1"]
[White "52maurice"]
[Black "86eamon"]
[WhiteElo "1319"]
[BlackElo "1689"]
[Result "0-1"]
[Round "1"]
1.e4 b6
2.d4 Bc8a6
3.Bf1xa6 Nb8xa6
4.c3 Qd8b8
5.d5 Na6c5
6.f3 h6
7.Ng1e2 f6
8.Ne2d4 Qb8b7
9.Bc1f4 e5
10.Qd1d2 exf4
11.Qd2xf4 Nc5d3
12.Kd2 Nd3xf4
13.Rh1e1 Nf4xg2
14.Re1e2 Ng2f4
15.Re2e3 h5
16.b4 h4
17.Nb1a3 h3
18.Ra1g1 Nf4g2
19.Re3e2 Qb7a6
20.Nd4c2 Bf8d6
21.Rg1h1 Bd6f4
22.Kd1 Qa6d3
23.Re2d2 Qd3xd2
{ resign }
0-1

[Event "Match"]
[Site "www.echecsemail.com"]
[Date "2017.06.28"]
[Round "1"]
[White "Comrade"]
[Black "Insearchof"]
[WhiteElo "2290"]
[BlackElo "2250"]
[Result "1-0"]
[Round "1"]
1.c4 e5
2.Nb1c3 Ng8f6
3.g3 d5
4.cxd5 Nf6xd5
5.Bf1g2 Nd5b6
6.Ng1f3 Nb8c6
7.a3 Bf8e7
8.O-O O-O
9.d3 Bc8e6
10.b4 a5
11.b5 Nc6d4
12.Nf3xd4 exd4
13.Nc3a4  { time }
1-0

[Event "Match"]
[Site "www.echecsemail.com"]
[Date "2017.06.28"]
[Round "1"]
[White "Insearchof"]
[Black "Stevefillion"]
[WhiteElo "2250"]
[BlackElo "2430"]
[Result "0-1"]
[Round "1"]
1.e4 c5
2.Ng1f3 d6
3.d4 cxd4
4.Nf3xd4 Ng8f6
5.Nb1c3 e6
6.g4 h6
7.h4 Bf8e7
8.Qd1f3 h5
9.gxh5 Nf6xh5
10.Bc1g5 Nb8c6
11.Nd4xc6 bxc6
12.O-O-O Be7xg5
13.hxg5 Qd8xg5
14.Kb1 Qg5e5
15.Bf1e2 g6
16.Qf3e3 Ke7
17.Qe3d2 Ra8b8
18.Ka1 Rh8d8
 { time }
0-1

[Event "1/16 Finale"]
[Site "www.chess-mail.com"]
[Date "2017.06.28"]
[Round "1"]
[White "Autmich"]
[Black "Bevittsmith"]
[WhiteElo "1910"]
[BlackElo "2230"]
[Result "0-1"]
[Round "1"]
1.e4 c5
2.Ng1f3 d6
3.d4 cxd4
4.Nf3xd4 Ng8f6
5.Nb1c3 a6
6.Bf1e2 e6
7.Bc1e3 Bf8e7
8.f3 O-O
9.Qd1d2 Qd8c7
10.O-O-O Bc8d7
11.g4 b5
12.h4 b4
13.Nc3b1 Rf8c8
14.g5 Nf6e8
15.h5 Qc7a5
16.Nb1a3 Nb8c6
17.Nd4xc6 Rc8xc6
18.Kb1 Qa5c7
19.Qd2xb4 Ra8b8
20.Qb4d2 d5
21.exd5 exd5
 { time }
0-1

[Event "Eq:Last King-Slap Shot Mates : "]
[Site "www.chess-mail.com"]
[Date "2017.06.28"]
[Round "1"]
[White "Coolant"]
[Black "Bira47"]
[WhiteElo "2280"]
[BlackElo "2030"]
[Result "1-0"]
[Round "1"]
1.Nb1c3 g6
2.d4 Bf8g7
3.e4 c6
4.Bc1e3 b5
5.Bf1d3 a6
6.f4 e6
7.Ng1f3 h6
8.O-O Ng8f6
9.e5 Nf6d5
10.Nc3xd5 cxd5
11.c3 Bc8b7
12.Qd1c2 O-O
13.g4 Nb8c6
14.f5 g5
15.f6 Bg7xf6
16.exf6 Qd8xf6
17.Nf3xg5 Qf6g7
18.Ng5f3 Qg7xg4
19.Kf2 Kh8
20.Be3xh6 Rf8g8
21.Rf1g1 Qg4h5
22.Bh6g5 Kg7
23.Bg5e7 Kh6
24.Qc2d2  { time }
1-0

[Event "Fast Game"]
[Site "www.echecsemail.com"]
[Date "2017.06.28"]
[Round "1"]
[White "Hennie4820"]
[Black "Attatroll"]
[WhiteElo "1630"]
[BlackElo "1800"]
[Result "1-0"]
[Round "1"]
1.e4 d6
2.d4 Ng8f6
3.f3 g6
4.c4 Bf8g7
5.Nb1c3 O-O
6.Bc1e3 e5
7.d5 Nb8d7
8.Qd1d2 Nd7c5
9.O-O-O a5
10.h4 Nf6h5
11.g4 Nh5g3
12.Rh1h2 Ng3xf1
13.Rd1xf1 a4
14.h5 a3
15.b3 Bc8d7
16.hxg6 hxg6
17.Be3h6 Qd8f6
18.g5 Qf6f4
19.Qd2xf4 exf4
20.Ng1e2 Nc5d3
21.Kc2 Nd3b4
22.Kb1  { time }
1-0